000 00258nam a2200109Ia 4500
008 240625s9999 xx 000 0 und d
041 _aeng
082 _a332 TAX
100 _aGADGE ADITYA
245 _aCERTIFIED CREDIT RESEARCH ANALYST LEVEL
260 _c2013
999 _c39528
_d39528